Responses for Show #8444 - Thursday, July 15, 2021

Champion's winnings & consolation amounts matched to Share Our Strength's No Kid Hungry campaign.

Contestants

[<< previous game]

Andre Golovchenko, a human resources specialist from Damascus, Oregon

Judith Pond, an attorney originally from the Bronx, New York

Tyler Vandenberg, a Marine officer from Washington, D.C. (whose 1-day cash winnings total $30,000)

[next game >>]

Jeopardy! Round responses

SCHOOL OF ROCK
WHAT'S THAT LITERARY INITIAL?
LAW SLAW
DOUBLE THAT T
(George: Each response is two words with a single and a double "T".)
IT'S LIGHT OUT
& AWAY WE GO!
    $200 16
Whitney Houston

Andre
    $200 19
Bernard

Judith
    $200 29
the law of the jungle

Tyler
    $200 26
liter & litter

Andre
    $200 1
dawn

Andre
    $200 17
Austria

Tyler
    $400 7
Bruce Springsteen

Judith
    $400 21
Joanne

Tyler
    $400 28
martial law

Tyler
    $400 18
late & latte

Tyler
    $400 27
squirrels

Andre
    $400 14
(Tyler: What is Princeton?)

Trenton

TylerJudith
    $600 6
Kurt Cobain

Andre
    $600 22
Francis

Tyler
    $600 5
(Judith: What is patent law?)

copyright law

JudithAndre
    $600 8
dotted doted

Andre
    $600 15
Mike Tyson

Andre
    $600 12
Angkor Wat

Tyler
    $800 3
Ritchie Valens

Andre
    $800 23
Butler

Tyler
    $800 4
motion

Tyler
    $800 25
jetéd & jetted

Triple Stumper
    $1,500 10
(Andre: Who is Orpheus?)

Morpheus

Andre
    $800 11
Sierra Leone

Andre
    $1000 2
Patti Smith

Andre
    $1000 24
Stearns

Triple Stumper
    $1000 20
supply & demand

Tyler
    $1000 30
cuter & cutter

Triple Stumper
    $1000 9
the Clapper

Andre
    $1000 13
(Andre: What is Dubai?)

Riyadh

TylerAndre

Scores at the first commercial break (after clue 15):

Tyler Judith Andre
$2,000 $200 $3,700

Scores at the end of the Jeopardy! Round:

Tyler Judith Andre
$6,000 $400 $4,500

Double Jeopardy! Round responses

THOMAS PAINE
BACK FROM THE DEAD IN THE BIBLE
TIME FOR SCIENCE
ARCHITECTS
BROADWAY MUSICALS BY SETTING
-OLOGIES
    $400 24
corsets

Tyler
    $400 17
Matthew

Judith
    $400 21
the blue whale

Judith
    $400 2
Hearst

Andre
    $400 7
Wicked

Tyler
    $400 1
the nose

Tyler
    $800 25
(Judith: What is religion?)

church

Judith
Triple Stumper
    $800 27
sleeping

Judith
    $800 20
breast cancer

Judith
    $3,000 6
I.M. Pei

Tyler
    $800 8
Cats

Tyler
    $800 11
insects

Judith
    $1200 26
Ben Franklin

Tyler
    $1200 28
Paul

Judith
    $1200 16
(Andre: What is audiology?)

acoustics

Andre
Triple Stumper
    $1200 5
(Andre: What is Kew?)

Covent Garden

Andre
Triple Stumper
    $1200 9
Fiddler on the Roof

Andre
    $1200 10
conchology

Triple Stumper
    $1600 30
the summer soldier

Triple Stumper
    $1600 19
Samuel

Triple Stumper
    $1600 15
[ERRATUM: Lowell famously mapped (non-existent) canals on Mars, not Venus. The features he claimed to see on Venus he termed "spokes". See also THE NEW YORK TIMES SCIENCE TIMES $600 from show #4372, aired 2003-09-16.]

canals

Tyler
    $1600 4
(Andre: What is Germany?)

Brazil

TylerAndre
    $3,200 22
The King and I

Judith
    $1600 13
penology

Judith
    $2000 29
the Rights of Man

Triple Stumper
    $2000 18
Elijah

Triple Stumper
    $2000 14
hydrogen peroxide

Judith
    $2000 3
Pierre L'Enfant

Tyler
    $2000 23
(Andre: What is the Little Barbershop of Horrors?)

Little Shop of Horrors

TylerAndre
    $2000 12
(Tyler: What is mortology?)

thanatology

Tyler
Triple Stumper

Scores at the end of the Double Jeopardy! Round:

Tyler Judith Andre
$17,400 $10,800 $100

[wagering suggestions for these scores]

Final Jeopardy! Round responses

BOOK CHARACTERS
(George: Who is [*]? The pig is trying to spin a web like the title spider in Charlotte's Web--of course from the children's story.)
AndreWho is ???
$97
JudithWho is Pancho Villa?
$10,800
TylerWho is Oliver Twist?
$6,000
Wilbur

Final scores:

Tyler Judith Andre
$11,400 $0 $3
2-day champion: $41,400 3rd place: $1,000 2nd place: $2,000

Game dynamics:

Coryat scores:

Tyler Judith Andre
$15,200 $9,200 $1,600
21 R
(including 1 DD),
2 W
12 R
(including 1 DD),
2 W
14 R,
6 W
(including 1 DD)

Combined Coryat: $26,000

[game clues] [game scores] [suggest correction]

Game tape date: 2021-04-21
The J! Archive is created by fans, for fans. Scraping, republication, monetization, and malicious use prohibited; this site may use cookies and collect identifying information. See terms. The Jeopardy! game show and all elements thereof, including but not limited to copyright and trademark thereto, are the property of Jeopardy Productions, Inc. and are protected under law. This website is not affiliated with, sponsored by, or operated by Jeopardy Productions, Inc. Join the discussion at JBoard.tv.